Piłkarze, którzy strzelili 3 gole w finale Ligi Mistrzów - Statystyki

Ogólne statystyki
  • Ten quiz został rozwiązany 73 razy
  • Średni wynik to 3 z 6
Statystyki odpowiedzi
Liczba bramek, klub Odpowiedź % Poprawnych
4 (3 Real Madryt + 1 Manchester United) Cristiano Ronaldo
97%
3 Real Madryt Gareth Bale
69%
7 Real Madryt Alfredo Di Stéfano
65%
3 Benfica Lizbona Eusébio
52%
7 Real Madryt Ferenc Puskás
50%
3 Inter Mediolan Sandro Mazzola
5%
Nie znaleziono quizów pasujących do podanych kryteriów
Rozkład punktacji
Procent ludzi z każdym wynikiem
Percentyl według liczby udzielonych odpowiedzi
Twoja historia wyników
Nie rozwiązałeś tego quizu